000 03359njm a2200553Ia 4500
001 73394
003 IT-RoPAU
005 20220918181118.0
008 131025s9999 xx 000 0 und d
040 _aIT-RoPAU
040 _cIT-RoPAU
041 _aPOLACCO
999 _c99598
_d99598
999 _bn.d.
100 _aAA.VV.
_9794
100 _eAutore musica
_924980
100 _gCodice autore musica SPICS: 12000
_9796
245 _aMusic From Poland (Lp Sx 2504)
250 _a1a ed.
260 _aPOLONIA
260 _bMUZA
_c1987 [1a Ed.:1987 - Ed. Lingua Orig.: 1987]
300 _aDISCO
300 _c42 minuti (Testo: 0 pag.)
500 _aMusica polacca.
505 _aWhat Can I Tell You [(Banaszak Hanna) (6:00)] - Szczesliwy Fiord/The Lucky Fiord [(Bob Roy String Orchestra) (5:00)] - Lovers [(Krawczyk Krzysztof) (5:00)] - Madrid Express [(Super Duo) (3:00)] - The Great Parade [(Tsa) (4:00)] - Zaczarowane Miasto/A Magic City [(Kombi) (6:00)] - Dans toutes les gares du monde [(Dlugosz Leszek) (5:00)] - I Like It [(Henrik Majewski Sextet) (3:00)] - It's Only Love [(Eleni) (4:00)] - Rock Me Now [(Leszek Winder Session) (4:00)]
511 _aDirettore d'orchestra: Kociszewski P.
511 _aDirettore d'orchestra: Poznakowski R.
511 _aDirettore d'orchestra: Kaluzny P.
650 _aMUSICA POLACCA [DISCHI]
_eCodice MATERIA SPICS: 9950
_924981
700 _aMioduski A.
_dCodice autore musica SPICS: 24780
_eAutore musica
_pWhat Can I Tell You
_924983
700 _aMann W.
_dCodice autore SPICS: 25158
_eAutore
_pWhat Can I Tell You
_924984
700 _aJanuszko A.
_dCodice autore musica SPICS: 24733
_eAutore musica
_pSzczesliwy Fiord/The Lucky Fiord
_924985
700 _aPoznakowski R.
_dCodice autore musica SPICS: 25103
_eAutore musica
_pLovers
_924986
700 _aDabrowski J.
_dCodice autore testo/musica SPICS: 25157
_eAutore testo/musica
_pLovers
_924987
700 _aKrajewski Seweryn
_dCodice autore musica SPICS: 23056
_eAutore musica
_pMadrid Express
_924988
700 _aLawrence Azar
_dCodice autore musica SPICS: 23084
_eAutore musica
_pThe Great Parade
_924989
700 _aPiekarczyk M.
_dCodice autore SPICS: 25169
_eAutore
_pThe Great Parade
_924990
700 _aRzehak J.
_dCodice autore testo/musica SPICS: 25152
_eAutore testo/musica
_pThe Great Parade
_924991
700 _aLosowski S.
_dCodice autore musica SPICS: 25114
_eAutore musica
_pZaczarowane Miasto/A Magic City
_924992
700 _aDlugosz Leszek
_dCodice autore musica SPICS: 25090
_eAutore musica
_pDans toutes les gares du monde
_924993
700 _aJozefowicz K.
_dCodice autore SPICS: 25486
_eAutore
_pDans toutes les gares du monde
_924994
700 _aVigne A.
_dCodice autore testo/musica SPICS: 25546
_eAutore testo/musica
_pDans toutes les gares du monde
_924995
700 _aMajewski R.
_dCodice autore musica SPICS: 25459
_eAutore musica
_pI Like It
_924996
700 _aDzokas K.
_dCodice autore musica SPICS: 25460
_eAutore musica
_pIt's Only Love
_924997
700 _aCzubaczynski R.
_dCodice autore SPICS: 25487
_eAutore
_pIt's Only Love
_924998
700 _aMann W.
_dCodice autore testo/musica SPICS: 25158
_eAutore testo/musica
_pIt's Only Love
_924999
700 _aWinder L.
_dCodice autore musica SPICS: 25115
_eAutore musica
_pRock Me Now
_925000
700 _aSkolias J.
_dCodice autore SPICS: 25488
_eAutore
_pRock Me Now
_925001
942 _cMD
_2ddc